| 000 | 00541nam a2200181Ia 4500 | ||
|---|---|---|---|
| 003 | GCL | ||
| 008 | 140319s9999 xx 000 0 ara d | ||
| 040 |
_aGCL / _cGCL |
||
| 082 | 0 | 4 |
_a150.195 _bف ف |
| 100 | 1 | _aميخائيل اسعد | |
| 245 | 1 | 0 |
_aفن التحليل النفسى وممارسته / _cميخائيل اسعد |
| 700 | 1 | _aفريتون، رالف ر. | |
| 260 |
_a[S.N] : _bدار الافاق الجديدة |
||
| 490 | _a | ||
| 650 | 0 | 4 | _aعلم النفس |
| 650 | 0 | 4 | _aالتحليل النفسى |
| 942 |
_2ddc _cBK |
||
| 999 |
_c29388 _d29388 |
||